000 00894nam a2200289 a 4500
999 _c389529
_d389529
003 BLK
005 20241118090447.0
008 180411b bul|||||r ||||||| ||bul||
010 _aKNG00217080000
020 _a9789542828181
040 _aBLK
041 _aBUL
_cBUL
080 _aБългарска литература
_b821.163.2
_z821.163.2-32
100 _91280
_aГанев, Слави
_eпреразк.
139 _aГанев, Слави
_bГ 20
245 1 0 _aБаба Марта и месеците
_cСлави Ганев.
257 _aBGR
260 _aСофия
_bСиела Норма
_c2019
_9217021
_n978-954-28-
300 _a248 с.
_c22 см
380 _aX
856 4 _qpdf
_i0.00
_ldisable
856 4 _qpdf
_i0.00
_ldisable
942 _cKNG
_n0
_s1
_04
944 _aCR
_c2020-09-30
_k30531
_lЦветелина Шанова
999 _d389529
999 _d389529